000 00688nam a22002057a 4500
999 _c179931
_d179931
005 20210716160022.0
010 _aENG-129578
020 _a978-93-89949-34-6
_c745.00
035 _aEN-113110
037 _bDBAD/PUB
082 _a658.4038011
100 _aWaman S Jawadekar
245 _aManagement Information Systems:Text and Cases/
_c by Waman S Jawadekar
250 _a6th
260 _aAlapakkam
_bMc Graw Hill
_c2020
270 _a444/1,Sri Ekambara Naicker Industrial Estate,Alapakkam,Porur
_bChennai
_e600116
_minfo.india@mheducation.com
_k18001035875
300 _a746p;
_c24cm(PB)
700 _aSanjiva Shankar Dubey
942 _2ddc
_cEN
_h658.4038011
_mJAW